FamilyFun birthday cakes : 50 cute & easy party treats (Record no. 319919)

MARC details
000 -LEADER
fixed length control field 00301nam a2200097Ia 4500
082 ## - DEWEY DECIMAL CLASSIFICATION NUMBER
Classification number J 641.86539 COOK
008 - FIXED-LENGTH DATA ELEMENTS--GENERAL INFORMATION
fixed length control field 210817s9999 xx 000 0 und d
100 ## - MAIN ENTRY--PERSONAL NAME
Personal name Cook, Deanna F., , 1965- New York, 2009
9 (RLIN) 34193
245 #0 - TITLE STATEMENT
Title FamilyFun birthday cakes : 50 cute & easy party treats
942 ## - ADDED ENTRY ELEMENTS
item type Books
Holdings
Withdrawn status Lost status Damaged status Not for loan Home library Current library Date acquired Cost, normal purchase price Total Checkouts Barcode Date last seen Price effective from item type
        Cassim Park Public Library Cassim Park Public Library 19.08.2021 69.03   3322830059031 19.08.2021 19.08.2021 Books